000 00350nam a2200133Ia 4500
008 100328s9999 xx 000 0 und d
082 _b4255
100 _aवरेरकर भार्गवराम विठ्ठल
245 _aभैरवी
260 _b---
630 _aभैरवी
730 _aभैरवी
942 _cBOOK
999 _c500329
_d500326